Normal view MARC view
  • Anwar , Asad Capt (TE-34)

Entry Personal Name

Number of records used in: 1

001 - CONTROL NUMBER

  • control field: 131245

003 - CONTROL NUMBER IDENTIFIER

  • control field: NUST

005 - DATE AND TIME OF LATEST TRANSACTION

  • control field: 20251020123548.0

008 - FIXED-LENGTH DATA ELEMENTS

  • fixed length control field: 251020|| aca||aabn | a|a d

040 ## - CATALOGING SOURCE

  • Original cataloging agency: NUST
  • Transcribing agency: NUST

100 ## - HEADING--PERSONAL NAME

  • Personal name: Anwar , Asad Capt (TE-34)

670 ## - SOURCE DATA FOUND

  • Source citation: Work cat.: (NUST)182645: Anwar , Asad Capt (TE-34), Micro-controller Based fire alarm system /, 2001
© 2023 Central Library, National University of Sciences and Technology. All Rights Reserved.